Psicoanálisis del amor
Guardat en:
| Autor principal: | |
|---|---|
| Format: | Llibre |
| Idioma: | espanyol |
| Publicat: |
Buenos Aires
Carlos Lohlé
1960
|
| Matèries: | |
| Etiquetes: |
Afegir etiqueta
Sense etiquetes, Sigues el primer a etiquetar aquest registre!
|
MARC
| LEADER | 00000nam a2200000 a 4500 | ||
|---|---|---|---|
| 001 | UCY5821 | ||
| 003 | CL-VaPUC | ||
| 008 | 950512e19600000AG |||||||||||||||||spa|d | ||
| 082 | 0 | 4 | |a 152.41 |b LEP |2 21 |
| 100 | |a Lepp, Ignace |e author |9 588465 | ||
| 245 | 1 | 0 | |a Psicoanálisis del amor |
| 300 | |a 226 p | ||
| 942 | |c BK | ||
| 945 | |d 19950512 00:00:00 |a cmena | ||
| 260 | |a Buenos Aires |b Carlos Lohlé |c 1960 | ||
| 650 | 0 | |a Psicología |9 257863 | |
| 650 | 7 | |a PSICOLOGIA AFECTIVA |2 CL-VaPUC |9 335111 | |
| 650 | 0 | |a Amor |9 257817 | |
| 650 | 0 | |a Emociones |9 265224 | |
| 650 | 0 | |a Relaciones interpersonales |9 307056 | |
| 650 | 7 | |a FRUSTRACION |2 CL-VaPUC |9 308942 | |
| 650 | 7 | |a MATRIMONIO |2 CL-VaPUC |9 335112 | |
| 650 | 0 | |a Divorcio |9 256204 | |
| 650 | 0 | |a Miedo |9 307306 | |
| 583 | |a last modification |c 19950512 00:00:00 |k Rodrigo Vera | ||
| 999 | |c 233429 |d 233427 | ||
| 952 | |0 0 |1 0 |4 0 |6 152_410000000000000_LEP_1960 |7 0 |8 P |9 238965 |a BIBEDU |b BIBEDU |c BIBEDU_PB |d 2019-11-18 |i 1504363 |o 152.41 LEP 1960 |p 1504363 |r 2024-01-25 |w 2019-11-18 |y BK |k EDU | ||
| 952 | |0 0 |1 0 |4 0 |6 152_410000000000000_LEP_1960 |7 0 |8 P |9 238966 |a BIBEDU |b BIBEDU |c BIBEDU_PB |d 2019-11-18 |i 1504444 |o 152.41 LEP 1960 |p 1504444 |r 2024-01-25 |w 2019-11-18 |y BK |k EDU | ||